[Event "Bayernliga U20 1112"]
[Site "Bayern"]
[Date "2012.03.10"]
[Round "7.4"]
[White "Franz, Sebastian"]
[Black "Finkes, Sebastian"]
[Result "1-0"]
[WhiteElo "1727"]
[BlackElo "1071"]
[PlyCount "131"]
[EventDate "2011.11.12"]
[EventType "team-swiss"]
[EventRounds "7"]
[EventCountry "GER"]
[SourceTitle "EXT 2022"]
[Source "ChessBase"]
[SourceDate "2021.10.06"]
[SourceVersion "1"]
[SourceVersionDate "2021.10.06"]
[SourceQuality "1"]
[WhiteTeam "Muenchen Suedost SK U20"]
[BlackTeam "Lauf SV U20"]
[WhiteTeamCountry "GER"]
[BlackTeamCountry "GER"]

1. e4 e5 2. Bc4 Nc6 3. Nf3 Bc5 4. c3 d6 5. 0-0 Nf6 6. d3 h6 7. a4 Be6 8. Bxe6 fxe6 9. b4 Bb6 10. a5 Bxa5 11. bxa5 d5 12. Qb3 b6 13. axb6 cxb6 14. Qb5 Qc7 15. exd5 exd5 16. Nxe5 Qxe5 17. Qxc6+ Kf7 18. d4 Qe2 19. Be3 Rhf8 20. Nd2 Rac8 21. Rxa7+ Kg8 22. Qe6+ Kh8 23. Qe7 Rg8 24. Rc7 Rce8 25. Qf7 Ng4 26. Qf3 Qxf3 27. Nxf3 Rc8 28. Bf4 Rxc7 29. Bxc7 b5 30. h3 Nf6 31. Rb1 Rc8 32. Ba5 Ne4 33. Rxb5 Nxc3 34. Bxc3 Rxc3 35. Rxd5 Rc1+ 36. Kh2 Kg8 37. Rf5 Rc2 38. Kg3 g6 39. Rc5 Ra2 40. Ne5 Ra4 41. d5 Kg7 42. d6 Rd4 43. d7 Kf6 44. Rc8 Kxe5 45. d8Q Rxd8 46. Rxd8 h5 47. h4 Kf5 48. Kf3 g5 49. Rd5+ Ke6 50. Rxg5 Kf6 51. Rxh5 Kg6 52. Rg5+ Kf6 53. Kf4 Ke6 54. Rf5 Ke7 55. Ke5 Kd7 56. Rf6 Ke7 57. h5 Kd7 58. Re6 Kc7 59. Rd6 Kc8 60. Kd5 Kc7 61. Kc5 Kb7 62. Rc6 Ka7 63. Rb6 Ka8 64. Kc6 Ka7 65. Kc7 Ka8 66. Ra6# 1-0

[Event "Bayernliga U20 1011"]
[Site "Bayern"]
[Date "2011.04.02"]
[Round "7.4"]
[White "Franz, Sebastian"]
[Black "Quaschner, Manuel"]
[Result "1/2-1/2"]
[WhiteElo "1776"]
[BlackElo "1889"]
[PlyCount "33"]
[EventDate "2010.10.16"]
[EventType "team-tourn"]
[EventRounds "7"]
[EventCountry "GER"]
[SourceTitle "EXT 2022"]
[Source "ChessBase"]
[SourceDate "2021.10.06"]
[SourceVersion "1"]
[SourceVersionDate "2021.10.06"]
[SourceQuality "1"]
[WhiteTeam "Muenchen Suedost SK U20"]
[BlackTeam "Grossenseebach U20"]
[WhiteTeamCountry "GER"]
[BlackTeamCountry "GER"]

1. e4 c5 2. Nf3 Nc6 3. d4 cxd4 4. Nxd4 g6 5. c4 Bg7 6. Be3 Nf6 7. Nc3 Ng4 8. Qxg4 Nxd4 9. Qd1 Nc6 10. Qd2 d6 11. Be2 0-0 12. 0-0 Ne5 13. f3 Be6 14. Nd5 Rc8 15. Rac1 b6 16. Rfd1 Bd7 17. b3 1/2-1/2

[Event "Bayernliga U20 1011"]
[Site "Bayern"]
[Date "2011.01.22"]
[Round "5.3"]
[White "Hacker, Jonas"]
[Black "Franz, Sebastian"]
[Result "1/2-1/2"]
[WhiteElo "1983"]
[BlackElo "1776"]
[PlyCount "53"]
[EventDate "2010.10.16"]
[EventType "team-tourn"]
[EventRounds "7"]
[EventCountry "GER"]
[SourceTitle "EXT 2022"]
[Source "ChessBase"]
[SourceDate "2021.10.06"]
[SourceVersion "1"]
[SourceVersionDate "2021.10.06"]
[SourceQuality "1"]
[WhiteTeam "Buechenbach/Roth U20"]
[BlackTeam "Muenchen Suedost SK U20"]
[WhiteTeamCountry "GER"]
[BlackTeamCountry "GER"]

1. e4 c6 2. d4 d5 3. exd5 cxd5 4. c4 e6 5. Nc3 Nc6 6. Nf3 Nge7 7. Bd3 g6 8. 0-0 Bg7 9. cxd5 Nxd5 10. Nxd5 Qxd5 11. Be3 0-0 12. Qa4 Bd7 13. Qc4 Ne7 14. Qb4 Nc6 15. Qc4 Qxc4 16. Bxc4 Rac8 17. Rac1 Ne7 18. Ne5 Bc6 19. Rfd1 Bd5 20. b3 Rfd8 21. f4 Rc7 22. Bxd5 Rxc1 23. Rxc1 Nxd5 24. Bd2 f6 25. Nf3 Rd7 26. Kf2 Kf8 27. Ke2 1/2-1/2

[Event "Bayernliga U20 1011"]
[Site "Bayern"]
[Date "2010.12.04"]
[Round "3.5"]
[White "Wachtel, Arthur"]
[Black "Franz, Sebastian"]
[Result "0-1"]
[WhiteElo "923"]
[BlackElo "1776"]
[PlyCount "92"]
[EventDate "2010.10.16"]
[EventType "team-tourn"]
[EventRounds "7"]
[EventCountry "GER"]
[SourceTitle "EXT 2022"]
[Source "ChessBase"]
[SourceDate "2021.10.06"]
[SourceVersion "1"]
[SourceVersionDate "2021.10.06"]
[SourceQuality "1"]
[WhiteTeam "Freising SK U20"]
[BlackTeam "Muenchen Suedost SK U20"]
[WhiteTeamCountry "GER"]
[BlackTeamCountry "GER"]

1. e4 c6 2. d4 d5 3. exd5 cxd5 4. Nf3 Nc6 5. Bb5 Bg4 6. Bxc6+ bxc6 7. 0-0 e6 8. Nc3 Nf6 9. h3 Bh5 10. Bg5 Be7 11. Re1 0-0 12. Bxf6 Bxf6 13. Qd3 Bxf3 14. Qxf3 Bxd4 15. Qd3 Qf6 16. Re2 Bxc3 17. Qxc3 Qxc3 18. bxc3 Rab8 19. Ree1 Rb2 20. Rab1 Rfb8 21. Rxb2 Rxb2 22. Rc1 Kf8 23. Kf1 Rxa2 24. Rb1 Rxc2 25. Rb7 a5 26. Ra7 Rxc3 27. Rxa5 Ke7 28. Ra6 e5 29. Ra7+ Ke6 30. Ke2 g5 31. Kd2 Rb3 32. Ra8 Rb2+ 33. Ke1 e4 34. g4 Rb3 35. Kd2 Rxh3 36. Rh8 d4 37. Re8+ Kd5 38. Rd8+ Kc4 39. Rc8 c5 40. Kc2 Rf3 41. Kd2 Rxf2+ 42. Ke1 Rh2 43. Kf1 e3 44. Kg1 Ra2 45. Kf1 d3 46. Ke1 Ra1# 0-1